000 01557nam0a2200361 4500
001 RU\NLR\BIBL_A\022288325
005 20260420013037.0
010 _a978-5-17-163031-7
_93000
021 _aRU
_bКН-П-24-035236
_9КН-П-24-3551
035 _a(NLR Aleph) 022288325
090 _a13662041
_c13662041
100 _a20240802d2024 b y0rusy50 ca
101 0 _arus
_aeng
102 _aRU
105 _aac z 000ay
181 0 _ai3
_baxxe
181 0 _ab1
_bxb2e
182 0 _an
200 1 _aДом, который построил Джек
_eанглийские детские песенки
_e[для детей до 3 лет]
_fС. Маршак
_gиллюстрации Виктории Фоминой
203 _aТекст
_aИзображение
_bвизуальные
_cнепосредственные
210 _aМосква
_cАСТ
_cМалыш
_d2024
215 _a92, [3] с.
_cцв. ил.
_d29
225 1 _aСерия "Шедевры иллюстрации. Русские художники"
300 _aТекст парал. рус., англ.
333 _a0+
686 0 _aШ9(2)60=Р7-5
700 1 _7ca
_8rus
_aМаршак
_bС. Я.
_f1887-1964
_gСамуил Яковлевич
_9114767
_3RU\NLR\AUTH\774792
702 1 _4440
_7ca
_8rus
_aФомина
_bВ. В.
_cхудожник
_f1963-
_gВиктория Владимировна
_994487
_3RU\NLR\AUTH\77111562
942 _cBOOK
980 _aNB